České sklo 17. a 18. století /

Uložené v:
Podrobná bibliografia
Hlavný autor: Poche, Emanuel, 1903-1987 (Author)
Médium: Kniha
Jazyk:Czech
Vydané: Praha : Obelisk, 1970.
Vydanie:1. vyd.
ISBN: (brož.)
Fyzický popis: 169 s.
Tagy: Pridať tag
Žiadne tagy, Buďte prvý kto otaguje tento záznam!

MARC

LEADER 00000nam a2200000 a 4500
001 000101774
005 20100814232955.0
008 040101s1970 xr e cze d
020 |a (brož.)  |c Kčs 35,00 
040 |a SVKKK  |b slo  |c SVKKK  |e AACR2 
041 0 |a cze 
044 |a xr  |c CZ 
245 0 0 |a České sklo 17. a 18. století /  |c Emanuel Poche ... [et al.]. 
250 |a 1. vyd. 
260 |a Praha :  |b Obelisk,  |c 1970. 
300 |a 169 s. 
700 1 |a Poche, Emanuel,  |d 1903-1987  |4 aut 
910 |a svkkk 
998 |a BK 
090 |g SCKHL  |k Sklad Pribinova 1. posch.  |a IV.66732  |j 461986  |i 101774-10  |s Absenčne